[Event "CTO DE ESPANA DE SELECCIONES AUTONOMICAS"]
[Site "Hotel La Borona, Gijon (Asturi"]
[Date "2011.05.01"]
[Round "4.2"]
[White "De La Cruz Revilla, Miguel"]
[Black "Franco Alonso, Alejandro"]
[Result "0-1"]
[WhiteElo "1997"]
[BlackElo "2489"]
[PlyCount "64"]
[EventDate "2011.04.29"]

1. e4 c5 2. Nf3 e6 3. d4 cxd4 4. Nxd4 a6 5. Bd3 Qc7 6. O-O Nf6 7. Qe2 d6 8. a4
Nc6 9. Nb3 b6 10. Nc3 Be7 11. Be3 O-O 12. f4 Re8 13. h3 Bf8 14. Qf2 Rb8 15.
Rae1 Nd7 16. f5 Nce5 17. Bd4 Nc5 18. Nc1 Bb7 19. b4 Ncd7 20. N1e2 Kh8 21. fxe6
fxe6 22. Qg3 Nf6 23. Qe3 Ned7 24. Nd1 e5 25. Ba1 d5 26. exd5 Bxb4 27. Kh1 Bxe1
28. Rxe1 e4 29. Nf4 exd3 30. Ne6 Qd6 31. Qg5 Re7 32. Nc3 Rxe6 0-1

[Event "CTO DE ESPANA DE SELECCIONES AUTONOMICAS"]
[Site "Hotel La Borona, Gijon (Asturi"]
[Date "2011.05.01"]
[Round "4.3"]
[White "Alonso Arburu, Juan Ignacio"]
[Black "Cernuda Orejas, Victor Manuel"]
[Result "1-0"]
[WhiteElo "2367"]
[BlackElo "1931"]
[PlyCount "65"]
[EventDate "2011.04.29"]

1. d4 d5 2. Nf3 Nf6 3. c4 c6 4. e3 Bg4 5. h3 Bxf3 6. Qxf3 e6 7. Nc3 dxc4 8.
Bxc4 Nbd7 9. O-O Nb6 10. Bb3 Nfd5 11. e4 Nxc3 12. bxc3 Be7 13. Qg3 g6 14. Bh6
Bd6 15. f4 Bf8 16. Bxf8 Kxf8 17. f5 exf5 18. exf5 g5 19. f6 h6 20. Rae1 Nd5 21.
c4 Nxf6 22. Qf2 Kg7 23. Re5 Rf8 24. Rf5 Ng8 25. Rxf7+ Rxf7 26. Qxf7+ Kh8 27. d5
cxd5 28. cxd5 Rc8 29. Qf5 Rc7 30. Qe5+ Rg7 31. Rf7 Qb6+ 32. Kh2 Qg6 33. d6 1-0

[Event "CTO DE ESPANA DE SELECCIONES AUTONOMICAS"]
[Site "Hotel La Borona, Gijon (Asturi"]
[Date "2011.05.01"]
[Round "4.4"]
[White "Galvan Prieto, Albano"]
[Black "Astasio Lopez, David"]
[Result "0-1"]
[WhiteElo "1859"]
[BlackElo "2330"]
[PlyCount "70"]
[EventDate "2011.04.29"]

1. e4 c5 2. Nf3 e6 3. d4 cxd4 4. Nxd4 Nf6 5. Nc3 Nc6 6. Nde2 Be7 7. g3 O-O 8.
Bg2 a6 9. O-O b5 10. a3 Bb7 11. b3 Qc7 12. Bb2 Rac8 13. h3 b4 14. axb4 Nxb4 15.
Nf4 Rfd8 16. Nd3 d5 17. e5 Ne4 18. Nxb4 Nxc3 19. Bxc3 Qxc3 20. Nd3 Qxc2 21. Qf3
Rd7 22. Nf4 Qf5 23. h4 Qxe5 24. Rae1 Qf6 25. Bh3 Rc3 26. Qd1 Rdc7 27. Re2 Bc5
28. Kh2 g6 29. Rfe1 Bc8 30. Qa1 Bd6 31. Ng2 d4 32. Kg1 Kg7 33. Qd1 Bb7 34. Bxe6
fxe6 35. Rxe6 Qxe6 0-1

[Event "CTO DE ESPANA DE SELECCIONES AUTONOMICAS"]
[Site "Hotel La Borona, Gijon (Asturi"]
[Date "2011.05.01"]
[Round "4.5"]
[White "Munoz Perez, Miriam"]
[Black "Rodriguez Garcia, Carlos"]
[Result "1-0"]
[WhiteElo "2049"]
[BlackElo "1755"]
[PlyCount "71"]
[EventDate "2011.04.29"]

1. e4 e6 2. d4 d5 3. Nd2 Nf6 4. e5 Nfd7 5. Bd3 c5 6. c3 Nc6 7. Ne2 cxd4 8. cxd4
Qb6 9. Nf3 Bb4+ 10. Bd2 O-O 11. O-O Bxd2 12. Qxd2 f6 13. exf6 Nxf6 14. Ng3 Bd7
15. Rac1 Rac8 16. Rfe1 Rc7 17. Bb1 Rfc8 18. Rc3 Na5 19. Rxc7 Qxc7 20. Qg5 h6
21. Qg6 Nc4 22. Nh5 Nxh5 23. Qxh5 Be8 24. Qg4 Nxb2 25. Qxe6+ Bf7 26. Qf5 Nc4
27. Qh7+ Kf8 28. Bf5 Bg8 29. Qh8 Nd6 30. Bh7 Kf7 31. Ne5+ Kf6 32. Bxg8 Qd8 33.
Ng4+ Kg6 34. Bh7+ Kh5 35. Qxg7 Qe8 36. Nf6+ 1-0

[Event "CTO DE ESPANA DE SELECCIONES AUTONOMICAS"]
[Site "Hotel La Borona, Gijon (Asturi"]
[Date "2011.05.01"]
[Round "4.6"]
[White "Bastida Rodriguez, Ines"]
[Black "Garro Beraza, Julen"]
[Result "0-1"]
[WhiteElo "1585"]
[BlackElo "1889"]
[PlyCount "108"]
[EventDate "2011.04.29"]

1. e4 c5 2. Nf3 d6 3. d4 cxd4 4. Nxd4 Nf6 5. Nc3 a6 6. Bg5 Nbd7 7. g3 e6 8. Bg2
Be7 9. Bxf6 Nxf6 10. O-O O-O 11. Nb3 Rb8 12. f4 Qc7 13. Qe2 Nd7 14. f5 Ne5 15.
Nd1 Bd7 16. Qf2 Rbc8 17. c3 Bb5 18. Ne3 Bxf1 19. Rxf1 Bg5 20. Bh3 Qb6 21. Nd4
Nd3 22. Qf3 e5 23. Ndc2 f6 24. Kh1 Qxb2 25. Nb4 Nxb4 26. cxb4 Rc3 27. Nd1 Rxf3
28. Nxb2 Rxf1+ 29. Bxf1 Bd2 30. a3 Bc3 31. Nc4 Rd8 32. Nb6 g6 33. Nd5 Bb2 34.
a4 Kg7 35. Bh3 Rc8 36. Bf1 gxf5 37. Ne7 Rc1 38. Nxf5+ Kf8 39. Kg2 Rd1 40. Bc4
Ba3 41. b5 a5 42. Ne3 Rd4 43. Bd5 b6 44. Nc4 Bc5 45. g4 Rd1 46. Kg3 Ra1 47. Nb2
Rb1 48. Nd3 Kg7 49. Kh4 Bd4 50. Kh3 Ra1 51. Bb3 Ra3 52. Bc2 Rc3 53. Bb1 Rc4 54.
Ne1 Rc1 0-1

[Event "CTO DE ESPAÑA DE SELECCIONES AUTONÓMICAS"]
[Site "Hotel La Boroña, Gijón (Asturi"]
[Date "2011.05.01"]
[Round "5.1"]
[White "Almagro Llamas, Pablo"]
[Black "Baron Rodriguez, Jesus"]
[Result "1/2-1/2"]
[WhiteElo "2472"]
[BlackElo "2447"]
[PlyCount "61"]
[EventDate "2011.04.29"]

1. c4 e6 2. g3 d5 3. Bg2 Nf6 4. Nf3 dxc4 5. Qc2 c6 6. O-O b5 7. a4 Bb7 8. b3
cxb3 9. Qxb3 a6 10. d4 Nbd7 11. Nbd2 Be7 12. Ba3 O-O 13. Bxe7 Qxe7 14. Nc4 c5
15. axb5 axb5 16. Na5 Bd5 17. Qxb5 Rfc8 18. Rfc1 Rab8 19. Qd3 h6 20. Nd2 Bxg2
21. Kxg2 Qd6 22. Nf3 Qd5 23. Qc4 Qe4 24. dxc5 Rxc5 25. Qxe4 Nxe4 26. Rxc5 Nexc5
27. Nc4 g6 28. h4 Kg7 29. Ra7 Rb7 30. Ra5 Ne4 31. Nce5 1/2-1/2

[Event "CTO DE ESPAÑA DE SELECCIONES AUTONÓMICAS"]
[Site "Hotel La Boroña, Gijón (Asturi"]
[Date "2011.05.01"]
[Round "5.2"]
[White "Garza Marco, Sergio"]
[Black "Anton Guijarro, David"]
[Result "0-1"]
[WhiteElo "2434"]
[BlackElo "2425"]
[PlyCount "112"]
[EventDate "2011.04.29"]

1. d4 Nf6 2. c4 e6 3. Nf3 d5 4. Nc3 c6 5. g3 Nbd7 6. Bg2 dxc4 7. O-O b5 8. Ng5
Qb6 9. a4 b4 10. a5 Qa6 11. Nce4 Nxe4 12. Nxe4 Rb8 13. Bf4 Rb5 14. Nd6+ Bxd6
15. Bxd6 b3 16. Qd2 Nf6 17. e4 Bb7 18. e5 c5 19. f3 cxd4 20. Qxd4 Rd5 21. Qh4
Rxd6 22. exd6 Bd5 23. Qf4 O-O 24. Rfc1 Qc6 25. Bf1 Qc5+ 26. Kg2 e5 27. Rxc4
Bxc4 28. Qxc4 Qxd6 29. Qxb3 Qd2+ 30. Kh1 e4 31. Qc3 Qxc3 32. bxc3 exf3 33. Re1
g5 34. h3 Nh5 35. Kh2 Rd8 36. Re3 Rd2+ 37. Kg1 Nxg3 38. Rxf3 Nxf1 39. Kxf1 Rd5
40. a6 Kg7 41. Ke2 Ra5 42. Kd3 Rxa6 43. Kd4 Ra1 44. c4 Rd1+ 45. Ke5 Rc1 46. Kd5
Kg6 47. c5 f5 48. c6 h5 49. h4 g4 50. Re3 f4 51. Re6+ Kf7 52. Re4 f3 53. Rf4+
Ke7 54. Re4+ Kd8 55. Rf4 g3 56. Rf8+ Ke7 0-1

[Event "CTO DE ESPAÑA DE SELECCIONES AUTONÓMICAS"]
[Site "Hotel La Boroña, Gijón (Asturi"]
[Date "2011.05.01"]
[Round "5.3"]
[White "Candela Perez, Jose"]
[Black "Forcen Esteban, Daniel"]
[Result "1-0"]
[WhiteElo "2399"]
[BlackElo "2425"]
[PlyCount "77"]
[EventDate "2011.04.29"]

1. e4 Nf6 2. e5 Nd5 3. d4 d6 4. c4 Nb6 5. f4 dxe5 6. fxe5 Bf5 7. Nc3 e6 8. Nf3
Bb4 9. c5 Nd5 10. Bd2 O-O 11. a3 Bxc3 12. bxc3 b6 13. cxb6 axb6 14. Bc4 c5 15.
O-O Nc6 16. Bb5 Nce7 17. c4 Nc7 18. dxc5 Nxb5 19. cxb5 bxc5 20. Bg5 Qxd1 21.
Rfxd1 Nd5 22. Rdc1 Rfc8 23. a4 Bd3 24. Kf2 Ra7 25. Be3 Rac7 26. Ra3 Be4 27. Nd2
Nxe3 28. Kxe3 Bd5 29. b6 Rb7 30. a5 h6 31. Rac3 Ra8 32. Rxc5 Kh7 33. Ne4 Rbb8
34. Rb5 Ra6 35. Nc5 Raa8 36. a6 Bc6 37. Rb2 Kg6 38. b7 Ra7 39. Rb6 1-0

[Event "CTO DE ESPAÑA DE SELECCIONES AUTONÓMICAS"]
[Site "Hotel La Boroña, Gijón (Asturi"]
[Date "2011.05.01"]
[Round "5.4"]
[White "Chueca Forcen, Alberto"]
[Black "Martinez Martin, David"]
[Result "1/2-1/2"]
[WhiteElo "2289"]
[BlackElo "2398"]
[PlyCount "90"]
[EventDate "2011.04.29"]

1. d4 Nf6 2. c4 e6 3. Nc3 Bb4 4. Qc2 O-O 5. a3 Bxc3+ 6. Qxc3 d5 7. Bg5 dxc4 8.
Qxc4 b6 9. e3 Ba6 10. Bxf6 Bxc4 11. Bxd8 Bxf1 12. Kxf1 Rxd8 13. Nf3 Nd7 14. Ke2
c5 15. Rac1 Rac8 16. dxc5 bxc5 17. Rhd1 Rb8 18. Rc2 Kf8 19. Ng5 Ke7 20. Ne4 f5
21. Nxc5 Nxc5 22. Rxd8 Kxd8 23. Rxc5 Rxb2+ 24. Kf3 Kd7 25. Ra5 Rb7 26. Kf4 Kd6
27. f3 g6 28. Ra6+ Ke7 29. e4 h6 30. h4 Kf6 31. exf5 gxf5 32. g4 fxg4 33. fxg4
Rc7 34. g5+ hxg5+ 35. hxg5+ Kf7 36. Kg4 Re7 37. Kh5 Kg7 38. Rc6 e5 39. Kg4 e4
40. Rc2 e3 41. Re2 Kg6 42. Kf4 Rf7+ 43. Kxe3 Re7+ 44. Kd2 Rxe2+ 45. Kxe2 Kxg5
1/2-1/2

[Event "CTO DE ESPAÑA DE SELECCIONES AUTONÓMICAS"]
[Site "Hotel La Boroña, Gijón (Asturi"]
[Date "2011.05.01"]
[Round "5.5"]
[White "Gallardo Garcia, Andres"]
[Black "Moreno Gracia, Daniel"]
[Result "1-0"]
[WhiteElo "2370"]
[BlackElo "2276"]
[PlyCount "79"]
[EventDate "2011.04.29"]

1. g3 d5 2. Bg2 Nf6 3. d3 c6 4. Nf3 Bf5 5. O-O e6 6. Nbd2 h6 7. b3 Be7 8. Bb2
O-O 9. Qe1 a5 10. a3 c5 11. e4 Bh7 12. Ne5 Nbd7 13. f4 a4 14. Kh1 d4 15. Nxd7
Qxd7 16. Qe2 Rac8 17. g4 Kh8 18. Bh3 Ne8 19. f5 e5 20. Nc4 Qc7 21. bxa4 Bg5 22.
Bc1 f6 23. Bxg5 fxg5 24. Rab1 Bg8 25. Nb6 Rd8 26. Rfc1 Rf6 27. a5 Rc6 28. c4
dxc3 29. Rxc3 Nd6 30. Bf1 Nc8 31. Qb2 Ne7 32. Qb5 Bf7 33. Rbc1 Nc8 34. Rxc5 Be8
35. Rxc6 Bxc6 36. Qc5 Ne7 37. Kg1 Rd4 38. Nc4 h5 39. Nxe5 Ra4 40. Qxe7 1-0

[Event "CTO DE ESPAÑA DE SELECCIONES AUTONÓMICAS"]
[Site "Hotel La Boroña, Gijón (Asturi"]
[Date "2011.05.01"]
[Round "5.6"]
[White "Garcia Vicente, Nieves"]
[Black "Pascual Palomo, Lucia"]
[Result "1-0"]
[WhiteElo "2220"]
[BlackElo "2163"]
[PlyCount "77"]
[EventDate "2011.04.29"]

1. d4 Nf6 2. Nf3 e6 3. c4 b6 4. Bf4 Bb4+ 5. Nbd2 Bb7 6. a3 Be7 7. e3 O-O 8. Bd3
d5 9. O-O Nbd7 10. Qc2 c5 11. cxd5 exd5 12. Rad1 Re8 13. Ne5 a6 14. Ndf3 h6 15.
Bf5 c4 16. g4 g5 17. Be6 Kg7 18. Nxf7 Qc8 19. N3e5 Nxe5 20. Bxc8 Nf3+ 21. Kh1
Bxc8 22. Ne5 Nxe5 23. Bxe5 Bxg4 24. f3 Bh5 25. Qf5 Rad8 26. Qe6 b5 27. Qxa6 Bf7
28. Qxb5 Kh7 29. a4 Ra8 30. a5 Bg6 31. a6 Bd3 32. Rxd3 cxd3 33. Qxd3+ Kg7 34.
e4 Red8 35. Ra1 Kf7 36. exd5 Rxd5 37. Qb3 Ke6 38. Ra5 Bd8 39. Rb5 1-0

[Event "CTO DE ESPAÑA DE SELECCIONES AUTONÓMICAS"]
[Site "Hotel La Boroña, Gijón (Asturi"]
[Date "2011.05.01"]
[Round "5.1"]
[White "Reinaldo Castineira, Roi"]
[Black "Herraiz Hidalgo, Herminio"]
[Result "1/2-1/2"]
[WhiteElo "2497"]
[BlackElo "2494"]
[PlyCount "96"]
[EventDate "2011.04.29"]

1. e4 c5 2. Nf3 Nc6 3. d4 cxd4 4. Nxd4 g6 5. Nc3 Bg7 6. Nb3 d6 7. Bc4 Nf6 8.
O-O O-O 9. Re1 Be6 10. Nd5 Rc8 11. Bf1 Ne8 12. c3 f6 13. a4 Bf7 14. a5 e6 15.
Nf4 Nc7 16. Be3 Re8 17. f3 f5 18. Ra4 fxe4 19. fxe4 Bf8 20. Nh3 Be7 21. Nd4
Nxd4 22. Bxd4 a6 23. e5 dxe5 24. Bxe5 Qxd1 25. Rxd1 Bc5+ 26. Bd4 Bf8 27. Ng5 e5
28. Bb6 Nd5 29. Bf2 Nf6 30. Nxf7 Kxf7 31. Rc4 h5 32. Be2 Be7 33. h3 Kg7 34. Be3
Rxc4 35. Bxc4 Rc8 36. Bd5 Rd8 37. Bf3 e4 38. Be2 Rd5 39. Rxd5 Nxd5 40. Bd4+ Bf6
41. Kf2 Bxd4+ 42. cxd4 Kf6 43. Bc4 Nb4 44. Ke3 Kf5 45. g4+ hxg4 46. hxg4+ Kxg4
47. Kxe4 Kg5 48. Bd5 Nxd5 1/2-1/2

[Event "CTO DE ESPAÑA DE SELECCIONES AUTONÓMICAS"]
[Site "Hotel La Boroña, Gijón (Asturi"]
[Date "2011.05.01"]
[Round "5.2"]
[White "Espinosa Aranda, Angel"]
[Black "De La Villa Garcia, Jesus Maria"]
[Result "0-1"]
[WhiteElo "2399"]
[BlackElo "2491"]
[PlyCount "102"]
[EventDate "2011.04.29"]

1. e4 e6 2. d4 d5 3. Nc3 Bb4 4. exd5 exd5 5. Bd3 Nc6 6. a3 Bxc3+ 7. bxc3 Nce7
8. Qf3 Nf6 9. Bg5 Ne4 10. Bxe4 dxe4 11. Qxe4 f6 12. Bd2 O-O 13. Nf3 c6 14. O-O
Bf5 15. Qe2 Bxc2 16. Rfe1 Re8 17. Bf4 Bf5 18. Nh4 Qd7 19. Nxf5 Nxf5 20. Qc4+
Kh8 21. h3 h6 22. Qd3 g5 23. Bd2 Kg7 24. a4 b6 25. g3 Nd6 26. Kg2 Qf7 27. Qf3
Nc4 28. Be3 Qd5 29. Qxd5 cxd5 30. Kf3 Re6 31. Rab1 Rd8 32. Rbc1 Kg6 33. Rb1 h5
34. Ke2 Kf7 35. Kd3 Rd7 36. Bd2 Rxe1 37. Bxe1 Re7 38. Bd2 a6 39. Be3 Kg6 40.
Bd2 Re4 41. Be3 Re8 42. Bd2 Re7 43. Be3 Rb7 44. Bd2 b5 45. axb5 Rxb5 46. Rxb5
axb5 47. Bc1 Kf5 48. f3 Kg6 49. Bd2 f5 50. h4 Nxd2 51. Kxd2 f4 0-1

[Event "CTO DE ESPAÑA DE SELECCIONES AUTONÓMICAS"]
[Site "Hotel La Boroña, Gijón (Asturi"]
[Date "2011.05.01"]
[Round "5.3"]
[White "Huerga Leache, Mikel"]
[Black "Fernandez Barrera, Victor"]
[Result "1-0"]
[WhiteElo "2440"]
[BlackElo "2335"]
[PlyCount "105"]
[EventDate "2011.04.29"]

1. d4 Nf6 2. c4 e6 3. g3 Bb4+ 4. Bd2 c5 5. Bxb4 cxb4 6. Nf3 O-O 7. Bg2 d5 8.
Nbd2 Nc6 9. O-O a5 10. Rc1 Ne4 11. e3 Nxd2 12. Nxd2 dxc4 13. Nxc4 Bd7 14. Qh5
Ra6 15. Rfd1 Qe7 16. Qc5 Rb8 17. Rd2 Kf8 18. Bf1 b5 19. Ne5 Be8 20. Nd3 Qxc5
21. Nxc5 Rab6 22. Bg2 Ke7 23. Rdc2 Nd8 24. Nd3 Rd6 25. Be4 f6 26. h4 h6 27. f4
Rbb6 28. Rc7+ Rd7 29. Rc8 Rdd6 30. R1c7+ Rd7 31. Nc5 Rxc7 32. Rxc7+ Kf8 33. Kf2
Rd6 34. Ke1 h5 35. Bf3 g6 36. Ke2 Rb6 37. Be4 Rd6 38. Ke1 Bf7 39. Bd3 Be8 40.
Ra7 a4 41. Ne4 Rc6 42. Kd1 f5 43. Ng5 Rb6 44. Nh7+ Kg8 45. Nf6+ Kf8 46. Nxe8
Kxe8 47. Ra5 b3 48. axb3 axb3 49. Rxb5 Ra6 50. Rxb3 Ra1+ 51. Ke2 Rg1 52. Kf2
Rh1 53. Bf1 1-0

[Event "CTO DE ESPAÑA DE SELECCIONES AUTONÓMICAS"]
[Site "Hotel La Boroña, Gijón (Asturi"]
[Date "2011.05.01"]
[Round "5.4"]
[White "Garcia Moral Garcia, Jose Danie"]
[Black "Navarro Cia, Miguel"]
[Result "0-1"]
[WhiteElo "2317"]
[BlackElo "2330"]
[PlyCount "66"]
[EventDate "2011.04.29"]

1. e4 Nf6 2. e5 Nd5 3. d4 d6 4. c4 Nb6 5. exd6 cxd6 6. Nc3 g6 7. Be3 Bg7 8. Rc1
O-O 9. b3 f5 10. d5 f4 11. Bd4 e5 12. dxe6 Bxd4 13. Qxd4 Nc6 14. Qd2 Bxe6 15.
Nf3 d5 16. c5 Nd7 17. Nxd5 Nde5 18. Nxe5 Nxe5 19. Bc4 Qg5 20. f3 Rad8 21. Rd1
Rd7 22. h4 Qd8 23. O-O Rf5 24. Rfe1 Nxc4 25. bxc4 Bxd5 26. Qb4 Bc6 27. Rd6 a5
28. Qa3 Qxh4 29. Qc3 Rdf7 30. Qd2 Kg7 31. Ree6 Kh6 32. Qc3 Rg5 33. Qd3 Qg3 0-1

[Event "CTO DE ESPAÑA DE SELECCIONES AUTONÓMICAS"]
[Site "Hotel La Boroña, Gijón (Asturi"]
[Date "2011.05.01"]
[Round "5.5"]
[White "Jimenez Almeida, Luis David"]
[Black "Villasenor Rubio, Emilio Jose"]
[Result "0-1"]
[WhiteElo "1965"]
[BlackElo "2154"]
[PlyCount "80"]
[EventDate "2011.04.29"]

1. f4 d5 2. Nf3 g6 3. g3 Bg7 4. Bg2 Nh6 5. d3 d4 6. c3 c5 7. e4 dxe3 8. Bxe3
Qc7 9. O-O O-O 10. Nbd2 Ng4 11. Qe2 b6 12. Ne5 Nxe3 13. Qxe3 Bb7 14. Bxb7 Qxb7
15. Qe4 Qxe4 16. Nxe4 Bxe5 17. fxe5 Nc6 18. e6 f5 19. Ng5 Rad8 20. Rad1 Rd6 21.
Rfe1 Rf6 22. g4 h6 23. Nf7 Rdxe6 24. Nxh6+ Kg7 25. g5 Rxe1+ 26. Rxe1 Rd6 27.
Re3 b5 28. Kf1 e5 29. h4 a5 30. h5 Re6 31. Rh3 Ne7 32. hxg6 Kxg6 33. Rg3 c4 34.
dxc4 bxc4 35. Ke1 e4 36. Rg2 Nd5 37. Ng8 Nf4 38. Rg3 Nd3+ 39. Kd2 f4 40. Rg4
e3+ 0-1

[Event "CTO DE ESPAÑA DE SELECCIONES AUTONÓMICAS"]
[Site "Hotel La Boroña, Gijón (Asturi"]
[Date "2011.05.01"]
[Round "5.6"]
[White "Gonzalez Berruga, Ana Isabel"]
[Black "Gonzalez Etayo, Oihana"]
[Result "1/2-1/2"]
[WhiteElo "1995"]
[BlackElo "1824"]
[PlyCount "62"]
[EventDate "2011.04.29"]

1. d4 f5 2. e4 fxe4 3. Nc3 Nf6 4. Bg5 e6 5. Nxe4 Be7 6. Ng3 O-O 7. Bd3 Qe8 8.
f3 Nd5 9. Qd2 Nc6 10. N1e2 Ndb4 11. Bxe7 Nxd3+ 12. Qxd3 Qxe7 13. c3 b6 14.
O-O-O a5 15. d5 Qg5+ 16. Qd2 Qxd5 17. Qxd5 exd5 18. Rxd5 d6 19. Rd2 Be6 20. Kb1
Ne5 21. Nd4 Bf7 22. b3 Bg6+ 23. Nc2 a4 24. Ne2 axb3 25. axb3 Ra7 26. Nc1 Rfa8
27. Rhd1 Ra1+ 28. Kb2 R1a5 29. Rd5 R5a7 30. h3 Kf7 31. f4 Bxc2 1/2-1/2

[Event "CTO DE ESPAÑA DE SELECCIONES AUTONÓMICAS"]
[Site "Hotel La Boroña, Gijón (Asturi"]
[Date "2011.05.01"]
[Round "5.1"]
[White "Alsina Leal, Daniel"]
[Black "Suarez Pousa, Diego"]
[Result "0-1"]
[WhiteElo "2538"]
[BlackElo "2455"]
[PlyCount "158"]
[EventDate "2011.04.29"]

1. e4 e5 2. Nf3 Nc6 3. Bb5 a6 4. Ba4 Nf6 5. O-O Be7 6. Re1 b5 7. Bb3 d6 8. c3
O-O 9. h3 a5 10. d4 a4 11. Bc2 Rb8 12. Nbd2 Re8 13. d5 Na5 14. b4 axb3 15. axb3
c5 16. b4 Nb7 17. Nf1 Bd7 18. Be3 Qc7 19. Qe2 Ra8 20. Bd3 c4 21. Bc2 h6 22. Ng3
Bf8 23. Qd2 Kh7 24. Nh4 Ng8 25. Rf1 Qd8 26. Nf3 g6 27. Nh2 Qh4 28. Ba7 Qf4 29.
Be3 Qh4 30. Nf3 Qe7 31. Kh2 Bg7 32. Ng1 Qf8 33. N1e2 Rxa1 34. Rxa1 Ra8 35. Qc1
Qb8 36. Ra3 Ne7 37. f3 h5 38. Qa1 Rxa3 39. Qxa3 Bh6 40. Bf2 Kg8 41. Qa6 Kf8 42.
Nf1 Nc8 43. g4 hxg4 44. hxg4 Bg5 45. Ng1 Bf4+ 46. Kg2 f6 47. Nh3 Bh6 48. Ne3
Nd8 49. Qa1 Nf7 50. Kf1 Ng5 51. Nxg5 Bxg5 52. Ke2 Qb7 53. Qa5 Ke7 54. Nf1 Bf4
55. Nd2 Bg5 56. Qa1 Kf7 57. Nf1 Bf4 58. Ne3 Bg5 59. Ng2 Ne7 60. Qa5 Qb8 61. Bd1
Ke8 62. Ke1 Kf7 63. Be2 Ke8 64. Bg3 Kf7 65. Bf2 Ke8 66. Bf1 f5 67. gxf5 gxf5
68. Be2 Kf7 69. Ne3 fxe4 70. fxe4 Qh8 71. Qc7 Qh1+ 72. Nf1 Bh3 73. Qxd6 Qxe4
74. Bg3 Bf4 75. Bh4 Nxd5 76. Qb8 Bg4 77. Qb7+ Kg6 78. Qc6+ Kh5 79. Ne3 Qxe3 0-1

[Event "CTO DE ESPAÑA DE SELECCIONES AUTONÓMICAS"]
[Site "Hotel La Boroña, Gijón (Asturi"]
[Date "2011.05.01"]
[Round "5.2"]
[White "Paramos Dominguez, Roberto"]
[Black "Narciso Dublan, Marc"]
[Result "0-1"]
[WhiteElo "2427"]
[BlackElo "2551"]
[PlyCount "76"]
[EventDate "2011.04.29"]

1. d4 Nf6 2. c4 e6 3. Nc3 Bb4 4. e3 Nc6 5. Nge2 d5 6. a3 Be7 7. cxd5 exd5 8.
Ng3 O-O 9. Bd3 a6 10. Nh5 g6 11. Nxf6+ Bxf6 12. Qf3 Be6 13. O-O Na5 14. b4 Nb3
15. Rb1 Nxc1 16. Rfxc1 Be7 17. Na4 b6 18. Nc3 Qd7 19. a4 c5 20. bxc5 bxc5 21.
dxc5 Rfc8 22. Qe2 Rxc5 23. Bxa6 Bf6 24. Bb5 Qc7 25. Na2 Bf5 26. Rxc5 Qxc5 27.
Rd1 Rc8 28. h3 Qa3 29. Rd2 h5 30. g4 hxg4 31. hxg4 Be4 32. f3 Bb1 33. Bd3 Rb8
34. Bb5 Kg7 35. Kg2 Rh8 36. Bd3 Bxa2 37. Rxa2 Qc1 38. Qf1 Qxe3 0-1

[Event "CTO DE ESPAÑA DE SELECCIONES AUTONÓMICAS"]
[Site "Hotel La Boroña, Gijón (Asturi"]
[Date "2011.05.01"]
[Round "5.3"]
[White "Oms Pallisse, Josep"]
[Black "Pena Gomez, Manuel"]
[Result "0-1"]
[WhiteElo "2520"]
[BlackElo "2421"]
[PlyCount "82"]
[EventDate "2011.04.29"]

1. d4 Nf6 2. c4 c5 3. d5 e6 4. Nc3 exd5 5. cxd5 d6 6. Nf3 g6 7. Nd2 Nbd7 8. e4
Bg7 9. Nc4 Nb6 10. Ne3 O-O 11. Bd3 Rb8 12. O-O Na8 13. a4 a6 14. Rb1 Nh5 15.
Bd2 Nf4 16. Bc2 b5 17. axb5 axb5 18. b4 c4 19. Na2 Nb6 20. Bc3 Qg5 21. Kh1 Nh5
22. Bxg7 Nxg7 23. Nc3 f5 24. f4 Qe7 25. Qd4 fxe4 26. Bxe4 Bf5 27. Bxf5 Nxf5 28.
Nxf5 Rxf5 29. g4 Rf7 30. Rbe1 Qf6 31. Qxf6 Rxf6 32. Re4 Ra8 33. Rd4 Ra3 34. Ne4
Rf8 35. Nxd6 Rd3 36. Rd1 Rxd4 37. Rxd4 c3 38. Rd1 Rxf4 39. Nxb5 c2 40. Rc1 Nxd5
41. Na3 Nxb4 0-1

[Event "CTO DE ESPAÑA DE SELECCIONES AUTONÓMICAS"]
[Site "Hotel La Boroña, Gijón (Asturi"]
[Date "2011.05.01"]
[Round "5.5"]
[White "Colon Garcia, Enrique"]
[Black "Hernandez Estevez, Yudania"]
[Result "1/2-1/2"]
[WhiteElo "2288"]
[BlackElo "2245"]
[PlyCount "140"]
[EventDate "2011.04.29"]

1. e4 e5 2. Nf3 Nf6 3. Nxe5 d6 4. Nf3 Nxe4 5. Nc3 Nxc3 6. dxc3 Be7 7. Be3 O-O
8. Qd2 Nd7 9. O-O-O Nc5 10. Bc4 Be6 11. Bxe6 Nxe6 12. h4 Qd7 13. Ng5 Qb5 14.
Kb1 a5 15. Rde1 Bf6 16. g4 Rfe8 17. Nxe6 Rxe6 18. g5 Be7 19. Bd4 Re8 20. Rxe6
fxe6 21. b3 Qd5 22. Re1 b5 23. Be3 Qf5 24. Qe2 a4 25. Bc1 axb3 26. axb3 Bf8 27.
Qe4 Qxf2 28. Re2 Qf7 29. Qc6 Rb8 30. Qe4 e5 31. Rg2 g6 32. h5 Bg7 33. hxg6 hxg6
34. Qh4 d5 35. Rf2 Qe6 36. Rh2 Qf5 37. Rf2 Qe6 38. Rh2 Qf5 39. Rf2 Qe4 40. Qxe4
dxe4 41. Re2 Kf7 42. Rxe4 Ke6 43. Re1 Rh8 44. Re2 Rh1 45. Kb2 Bf8 46. Rf2 Be7
47. Bd2 Rg1 48. Rh2 e4 49. Rh6 Kf5 50. Rh7 Bxg5 51. Bxg5 Rxg5 52. Rxc7 Kf4 53.
Kc1 Ke3 54. c4 bxc4 55. Rxc4 Rg1+ 56. Kb2 Kf3 57. Rc8 Rg4 58. Kc3 e3 59. Kd3
Rg2 60. Rf8+ Kg3 61. Kxe3 Rxc2 62. Kd3 Rc6 63. b4 g5 64. Rg8 g4 65. Kd4 Kf3 66.
b5 Rc1 67. b6 Rb1 68. Kc5 g3 69. Kc6 g2 70. b7 Kf2 1/2-1/2

[Event "CTO DE ESPAÑA DE SELECCIONES AUTONÓMICAS"]
[Site "Hotel La Boroña, Gijón (Asturi"]
[Date "2011.05.01"]
[Round "5.6"]
[White "Gomez Dieguez, David"]
[Black "Clopes Llahi, Judit"]
[Result "0-1"]
[WhiteElo "1976"]
[BlackElo "2094"]
[PlyCount "84"]
[EventDate "2011.04.29"]

1. e4 g6 2. d4 d6 3. Be3 Bg7 4. Nc3 c6 5. h4 h5 6. Nh3 Bxh3 7. Rxh3 b5 8. Bd3
Nd7 9. f4 b4 10. Ne2 c5 11. dxc5 dxc5 12. e5 Qb6 13. Ng3 Nh6 14. Bc4 Rd8 15.
Qf3 e6 16. Ne4 Nf5 17. Bf2 Bf8 18. O-O-O Be7 19. Qe2 Qc7 20. g4 hxg4 21. Qxg4
Qc6 22. Qe2 Kf8 23. h5 Nb6 24. Rxd8+ Bxd8 25. Bxc5+ Kg7 26. Bxb6 Qxb6 27. Nf2
Rxh5 28. Rxh5 gxh5 29. Nd1 Qd4 30. Qf1 h4 31. Bd3 Ng3 32. Qf3 Kf8 33. Qg4 Qg1
34. f5 exf5 35. Bxf5 Bb6 36. Qxb4+ Bc5 37. Qb8+ Kg7 38. Bg4 h3 39. Qd8 Ne4 40.
b4 h2 41. bxc5 h1=Q 42. Be2 Qe3+ 0-1

[Event "CTO DE ESPAÑA DE SELECCIONES AUTONÓMICAS"]
[Site "Hotel La Boroña, Gijón (Asturi"]
[Date "2011.05.01"]
[Round "5.1"]
[White "Recuero Guerra, Javier"]
[Black "Del Rio De Angelis, Salvador G"]
[Result "0-1"]
[WhiteElo "2296"]
[BlackElo "2502"]
[PlyCount "141"]
[EventDate "2011.04.29"]

1. d4 e6 2. Bf4 Nf6 3. e3 b6 4. Nf3 Bb7 5. Be2 Be7 6. h3 O-O 7. O-O c5 8. c3
Nc6 9. Nbd2 d6 10. Re1 Re8 11. Bf1 Bf8 12. Bh2 Rc8 13. Rc1 a6 14. a4 Na7 15.
Nc4 cxd4 16. exd4 b5 17. axb5 axb5 18. Ncd2 Qb6 19. Qb3 Nd7 20. Ra1 Ra8 21. Qc2
Nc6 22. Qd3 Rxa1 23. Rxa1 Na7 24. Qe3 Nc8 25. Bd3 Nf6 26. Re1 Bc6 27. Ng5 h6
28. Ngf3 Qa5 29. Bb1 Nb6 30. Qd3 Na4 31. Qc2 Bd5 32. Bg3 Be7 33. Re3 Nb6 34.
Qd3 Nc4 35. Nxc4 Bxc4 36. Qd2 Nd5 37. Qc2 Nf6 38. Qd2 Qa4 39. Re1 Bd5 40. Qd3
Qb3 41. Qe2 b4 42. Bc2 Qa2 43. cxb4 Rb8 44. b5 Bc4 45. Bd3 Bxd3 46. Qxd3 Nd5
47. Nd2 Qxb2 48. Ne4 Qxb5 49. Qxb5 Rxb5 50. Bxd6 Bxd6 51. Nxd6 Rb6 52. Nc4 Rb4
53. Rc1 Nf4 54. Kf1 g5 55. g3 Nxh3 56. Kg2 g4 57. Ne3 h5 58. Rc4 Rxc4 59. Nxc4
Ng5 60. Ne3 Kf8 61. d5 Ke7 62. dxe6 Kxe6 63. Kf1 Ke5 64. Ke2 f5 65. Ng2 Ke4 66.
Nf4 h4 67. gxh4 Kxf4 68. hxg5 Kxg5 69. Ke3 f4+ 70. Ke4 f3 71. Ke3 0-1

[Event "CTO DE ESPAÑA DE SELECCIONES AUTONÓMICAS"]
[Site "Hotel La Boroña, Gijón (Asturi"]
[Date "2011.05.01"]
[Round "5.2"]
[White "Gonzalez Menendez, Ivan"]
[Black "Andres Gonzalez, Ivan"]
[Result "1/2-1/2"]
[WhiteElo "2455"]
[BlackElo "2294"]
[PlyCount "34"]
[EventDate "2011.04.29"]

1. e4 c5 2. Nf3 d6 3. d4 cxd4 4. Nxd4 e5 5. Bb5+ Bd7 6. Bxd7+ Qxd7 7. Nf5 Nf6
8. Nc3 Nxe4 9. Nxg7+ Bxg7 10. Nxe4 d5 11. Bh6 O-O 12. Qh5 dxe4 13. Bxg7 Kxg7
14. Qg5+ Kh8 15. Qf6+ Kg8 16. Qg5+ Kh8 17. Qf6+ Kg8 1/2-1/2